Detalles MARC
| 000 -LIDER |
| fixed length control field |
01099nam a2200289 a 4500 |
| 001 - NÚMERO DE CONTROL |
| Identificador de número de control |
000006581 |
| 003 - IDENTIFICACDOR DE NÚMERO DE CONTROL |
| control field |
DO-SdBNP |
| 005 - DATE AND TIME OF LATEST TRANSACTION |
| control field |
20230810104656.0 |
| 008 - ELEMENTOS DE LONGITUD FIJA |
| fixed length control field |
090901s1992 dr 001 0 spa d |
| 020 ## - ISBN |
| International Standard Book Number |
8489525439 |
| 040 ## - FUENTE DE CATALOGACIÓN |
| Agencia que crea de manera original el registro |
DO-SdBNP |
| Idioma de catalogación |
spa |
| Agencia que realiza la transcripción |
BPMSU |
| 082 #4 - NÚMERO DE CLASIFICACIÓN DECIMAL DE DEWEY |
| Classification number |
322.44 |
| Item number |
P438m 1992 |
| Edition number |
22 |
| 100 1# - ASIENTO PRINCIPAL -- NOMBRE PERSONAL |
| Nombre personal |
Pérez, César |
| 245 10 - MENCIÓN DE TITULO |
| Título |
Movimientos sociales dominicanos : |
| Subtítulo |
identidad y dilemas / |
| Mención de responsabilidad |
César Pérez, Leopoldo Artiles. |
| 260 ## - PUBLICACIÓN, DISTRIBUCIÓN, ETC. (PIE DE IMPRENTA) |
| Lugar de publicación, distribución, etc |
Santo Domingo : |
| Nombre del editor, distribuidor, etc. |
Instituto Tecnológico De Santo Domingo, |
| Fecha de publicación, distribución, etc |
1992. |
| 300 ## - DESCRIPCIÓN FÍSICA |
| Extensión |
158 p. : |
| Otros detalles físicos |
il. ; |
| Dimensiones |
21 cm. |
| 490 1# - MENCIÓN DE SERIES |
| Mención de serie |
Investigaciones ; |
| Volume/sequential designation |
10 |
| 500 ## - NOTA GENERAL |
| Nota general |
Incluye referencias bibliográficas y notas al pie de las páginas |
| 500 ## - NOTA GENERAL |
| Nota general |
Incluye datos biográficos de los autores en la solapa de la cubierta |
| 650 #4 - ENCABEZAMIENTO DE MATERIA--TEMÁTICO |
| Término temático o nombre geográfico como elemento de entrada |
Movimientos sociales |
| Subdivisión geográfica |
República Dominicana |
| 650 #4 - ENCABEZAMIENTO DE MATERIA--TEMÁTICO |
| Término temático o nombre geográfico como elemento de entrada |
Grupos de presión |
| Subdivisión geográfica |
República Dominicana |
| 651 ## - ENCABEZAMIENTO DE MATERIA--NOMBRE GEOGRÁFICO |
| Nombre geográfico |
República Dominicana |
| Subdivisión geográfica |
Política y gobierno |
| 700 1# - ASIENTO SECUNDARIO -- NOMBRE PERSONAL |
| Nombre personal |
Artiles., Leopoldo |
| Mención de responsabilidad |
autor |
| 710 2# - ASIENTO SECUNDARIO -- NOMBRE CORPORATIVO |
| Nombre corporativo o de jurisdicción |
Instituto Tecnológico de Santo Domingo |
| 910 ## - VALIDACIÓN |
| Validación |
VMateo V. Control de calidad. BPMSU |
| 942 ## - ADDED ENTRY ELEMENTS (KOHA) |
| Source of classification or shelving scheme |
Dewey Decimal Classification |
| Koha item type |
Libros |